000 00518nam a2200181Ia 4500
005 20250326124929.0
008 250326s9999 xx 000 0 und d
037 _aTextbook
040 _aFMSL
_beng
_cFMSL
041 _aeng
_2eng
084 _aX:8F L12
_qFMSL
100 _aBruns W J
245 0 _aIntroduction to accounting: economic measurement for decisions
_cBruns W J
260 _aLondon
_bLondon, Addison-Wesley
_c1971
300 _a208p
942 _cTB
_hX:8F L12
999 _c1275814
_d1275814